000 00475nam a2200181Ia 4500
005 20250508151529.0
008 008 250505s9999 xx 000 0 eng d
037 _aTextual
040 _aFEDL
_beng
_cFEDL
041 _aeng
_2eng
084 _a821.77, SPE
_qFEDL
100 _aSpender Stephen
245 0 _aShelley
260 _aLondon, UK
_bLongmans, Green and Co.
_c1952
300 _a56p.
942 _cTEXL
_h821.77, SPE
999 _c1330391
_d1330391